Fearless / (Record no. 9553)
[ view plain ]
| 000 -LEADER | |
|---|---|
| fixed length control field | 01125nam a22002417a 4500 |
| 001 - CONTROL NUMBER | |
| control field | 9553 |
| 003 - CONTROL NUMBER IDENTIFIER | |
| control field | FISKH |
| 005 - DATE AND TIME OF LATEST TRANSACTION | |
| control field | 20260123113445.0 |
| 008 - FIXED-LENGTH DATA ELEMENTS--GENERAL INFORMATION | |
| fixed length control field | 260123b cb ||||| |||| 00| 0 eng d |
| 020 ## - INTERNATIONAL STANDARD BOOK NUMBER | |
| International Standard Book Number | 9781398531277 |
| Terms of availability | 27.50$ |
| 040 ## - CATALOGING SOURCE | |
| Original cataloging agency | FISKH |
| Language of cataloging | eng |
| Transcribing agency | FISKH |
| Modifying agency | FISKH |
| 050 ## - LIBRARY OF CONGRESS CALL NUMBER | |
| Classification number | PZ7.1 .R5936 .F |
| 082 ## - DEWEY DECIMAL CLASSIFICATION NUMBER | |
| Classification number | 813.00 |
| 100 ## - MAIN ENTRY--PERSONAL NAME | |
| Personal name | Roberts, Lauren |
| 245 ## - TITLE STATEMENT | |
| Title | Fearless / |
| Statement of responsibility, etc. | Lauren Roberts |
| 250 ## - EDITION STATEMENT | |
| Edition statement | This edition published in 2025 |
| 260 ## - PUBLICATION, DISTRIBUTION, ETC. | |
| Place of publication, distribution, etc. | London : |
| Name of publisher, distributor, etc. | Simon & Schuster, |
| Date of publication, distribution, etc. | 2024. |
| 300 ## - PHYSICAL DESCRIPTION | |
| Extent | 522 pages : |
| Other physical details | color map ; |
| Dimensions | 24 cm |
| 520 ## - SUMMARY, ETC. | |
| Summary, etc. | Paedyn and Kai are reunited but face a terrible decision in this thrilling conclusion to the New York Times bestselling romantic fantasy trilogy perfect for fans of Sarah J. Maas and The Red Queen. Paedyn Gray and Kai Azer return to the Kingdom of Ilya... And Paedyn has a life-altering choice to make. Whatever she decides will determine her fate and the fate of those around her forever. In the ultimate battle of love and loyalty, who wins? |
| 650 ## - SUBJECT ADDED ENTRY--TOPICAL TERM | |
| Topical term or geographic name entry element | Powerless Trilogy |
| Form subdivision | Barnes & Noble Exclusive |
| General subdivision | Haunting adeline |
| 942 ## - ADDED ENTRY ELEMENTS (KOHA) | |
| Source of classification or shelving scheme | Dewey Decimal Classification |
| Koha item type | Books |
| Suppress in OPAC | No |
| Withdrawn status | Lost status | Source of classification or shelving scheme | Damaged status | Not for loan | Collection | Home library | Current library | Shelving location | Date acquired | Total Checkouts | Full call number | Barcode | Date last seen | Copy number | Price effective from | Koha item type |
|---|---|---|---|---|---|---|---|---|---|---|---|---|---|---|---|---|
| Dewey Decimal Classification | Fiction | Footprints International School Library Network Toul Kork Campus | Footprints International School Library Network Toul Kork Campus | A TK Campus, 4th Floor, Room B401, Fiction Bookcases (1-6) | 01/23/2026 | ROB 813.00 PZ7.1 .R5936 .F | 2026-0070 | 01/23/2026 | 1 | 01/23/2026 | Books |
